00759nam a22002417a 450000500170000001000130001702000100003003500130004003700160005304000120006908200150008110000240009624500500012026000330017027000350020330000220023850000510026065000200031165000190033194200240035099900190037495201240039320170124110030.0 aA-710549 c70.00 aA-710549 bCen Lib/Ret aDPLbEN a270.9bFAQ aFaqih, Irfan921466 aGlimpses of Islamic history /cby Irfan Faqih aDelhibAdam Publishersc1988 a437 Matia MahalbDelhie110006 ax,315p.c21cm(Hb) aIncludes bibliographical references and index  aReligion921467 aHistory921468 2ddccENh270.9mFAQ c127762d127762 00104070aLbLd2015-06-30eCen Lib/Retg70.00l0o270.9 FAQpA-710549r2015-06-30 00:00:00t1v70.00w2015-06-30yEN